000 00837nmm a2200253 a 4500
001 ocm000700705
003 TR-IsHL
005 20201028135004.0
008 131203s1992 tu tur
007 cr cn
035 _a700705
_b(N$T)
050 0 4 _aPL230
_b.L85 1992
090 0 4 _aPL230
_b.L85 1992
100 1 _aLüleci, Suzan Çataloluk
245 1 0 _aHüzün gezegeni
_h[electronic resource] /
_cSuzan Çataloluk Lüleci
260 _aİstanbul :
_bTürk Edebiyatı Vakfı Yayınları,
_c1992
300 _a64 p.
650 4 _aDil ve Edebiyat
650 4 _aLanguage and Literature
650 0 _aÇocuk edebiyatı
650 0 _aChildren's literature
650 7 _aLITERARY CRITICISM / Children's Literature
_2bisacsh
856 4 0 _uhttp://search.ebscohost.com/login.aspx?direct=true&scope=site&db=e011xww&AN=700705
999 _c6497
_d6497